Statistiken für Fußball Bundesliga Stadionnamen

Klicken Sie hier um das Quiz zu spielen!

Allgemein

  • Dieses Quiz wurde 1.483 mal gespielt
  • Das Durchschnittsergebnis liegt bei 11 aus 18

Antwortstatistiken

VereinName des Stadions% Korrekt
FC Bayern MünchenAllianz Arena
96%
Borussia DortmundSIGNAL IDUNA PARK
93%
Hertha BSC BerlinOlympiastadion
83%
FC Schalke 04VELTINS-Arena
79%
Bayer 04 LeverkusenBayArena
73%
SV Werder BremenWeser-Stadion
71%
RB LeipzigRed Bull Arena
69%
1.FC KölnRheinEnergieSTADION
69%
Hamburger SVVolksparkstadion
63%
VfB StuttgartMercedes-Benz Arena
62%
Borussia MöchengladbachBORUSSIA-PARK
59%
Eintracht FrankfurtCommerzbank-Arena
54%
VfL WolfsburgVolkswagen Arena
53%
Hannover 96HDI Arena
38%
FC AugsburgWWK ARENA
36%
1.FSV Mainz 05Opel Arena
29%
Sport-Club FreiburgSchwarzwald-Stadion
26%
TSG 1899 HoffenheimWIRSOL Rhein-Neckar-Arena
11%

Verteilung der Resultate

Perzentil nach korrekt beantworteten Fragen

Anzahl Personen mit jedem Resultat

Ihre Resultats-Entwicklung

Sie haben dieses Quiz noch nicht gespielt